Lecciones de derecho electoral (Registro nro. 303353)

Detalles MARC
000 -ENCABEZADO
Número de control [NR] 00926 a2200253 4500
005 - FECHA Y HORA DE LA ÚLTIMA TRANSACCIÓN
control field 20160516104434.0
008 - DE LONGITUD FIJA DE DATOS DE ELEMENTOS - INFORMACIÓN GENERAL
Elementos de longitud fija [NR] 160516s2014 ck a|||gr|||| 001 0 spa d
020 ## - NUMERO INTERNACIONAL NORMALIZADO PARA LIBROS [R]
Número Internacional Normalizado del libro [NR] 9789584617002 (Tomo 1)
020 ## - NUMERO INTERNACIONAL NORMALIZADO PARA LIBROS [R]
Número Internacional Normalizado del libro [NR] 9789584648860 (Tomo 2)
040 ## - FUENTE DE CATALOGACION [NR]
Agencia de catalogación original [NR] CO-BoUCM
Idioma de catalogación [NR] spa
Quien Cataloga Sandra Palacio
Quien Clasifica Sandra Palacio
041 0# - CODIGO DE IDIOMA [R]
Código de idioma para texto/pista de sonido o título separado [R] Español
100 1# - ASIENTO PRINCIPAL--NOMBRE PERSONAL [NR]
Nombre personal [NR] Caballero Díaz, Orlando V.
ID Autoridad 77201
245 10 - MENCION DE TITULO [NR]
Título [NR] Lecciones de derecho electoral
Mención de responsabilidad, etc. [NR] Orlando V. Caballero Díaz
260 ## - PUBLICACION, DISTRIBUCION, ETC. (PIE DE IMPRENTA) [R]
Fecha de publicación, distribución, etc. [R] 2014
Lugar de publicación, distribución, etc. [R] Barranquilla (Colombia)
Nombre del editor, distribuidor, etc. [R] Artes gráficas industriales Ltda.
300 ## - DESCRIPCION FISICA [R]
Extensión [R] 2 tomos
504 ## - NOTA DE BIBLIOGRAFIA, ETC. [R]
Nota de bibliografía, etc. [NR] Incluye referencias bibliográficas e índices
650 #7 - ASIENTO SECUNDARIO DE MATERIA - TERMINO TEMATICO [R]
9 (RLIN) 12760
Término temático o nombre geográfico como elemento de entrada [NR] Derecho electoral
650 #7 - ASIENTO SECUNDARIO DE MATERIA - TERMINO TEMATICO [R]
9 (RLIN) 12617
Término temático o nombre geográfico como elemento de entrada [NR] Democracia
650 #7 - ASIENTO SECUNDARIO DE MATERIA - TERMINO TEMATICO [R]
9 (RLIN) 21113
Término temático o nombre geográfico como elemento de entrada [NR] Participación ciudadana
690 ## - ASUNTO AGREGADO LOCAL DE ENTRADA - TÉRMINO TEMÁTICO (OCLC, RLIN)
Acceso temático local Derecho constitucional
9 (RLIN) 12725
700 1# - ASIENTO SECUNDARIO - NOMBRE PERSONAL [R]
Nombre personal [NR] Sánchez Torres, Carlo Ariel
Término de relación [R] prólogo
9 (RLIN) 77203
942 ## - ELEMENTOS DE ENTRADA AGREGADOS (KOHA)
Tipo de ítem principal el descrito en 300a Libro
Sistema de clasificación DEWEY
Tema principal Derecho
Edición 1
Clasificación 342.07
Parte restante de la signatura top. C112
Existencias
Fecha de último préstamo Total préstamos Total Renewals Signatura topográfica Código de barras Última vez visto Volúmen / Fascículo Ejemplar Costo de reposición Price effective from Tipo de ítem Perdido Sistema de clasificación Dañado No prestable Tipo de ítem específico Suprimido Ubicación habitual Ubicación actual Localización Fecha de creación Proveedor Forma de adquisición Costo
04/09/2019 4 8 342.07 C112 100149083 08/06/2024 T.2 Ej.1 26000.00 04/05/2016 Libro   DEWEY     Libro   Bodega Bodega 3er piso 04/05/2016 12 Donación 0.00
26/10/2019 7 7 342.07 C112 100149084 08/06/2024 T.1 Ej.1 26000.00 04/05/2016 Libro   DEWEY     Libro   Bodega Bodega 3er piso 04/05/2016 12 Donación 0.00